<?xml version="1.0" encoding="UTF-8"?>
<record
    xmlns:xsi="http://www.w3.org/2001/XMLSchema-instance"
    xsi:schemaLocation="http://www.loc.gov/MARC21/slim http://www.loc.gov/standards/marcxml/schema/MARC21slim.xsd"
    xmlns="http://www.loc.gov/MARC21/slim">

  <leader>01256    a2200157   4500</leader>
  <controlfield tag="003">OSt</controlfield>
  <controlfield tag="005">20251201135110.0</controlfield>
  <controlfield tag="008">251201b        |||||||| |||| 00| 0 eng d</controlfield>
  <datafield tag="020" ind1=" " ind2=" ">
    <subfield code="a">978143028574</subfield>
  </datafield>
  <datafield tag="100" ind1=" " ind2=" ">
    <subfield code="a">Roy A.</subfield>
    <subfield code="9">215547</subfield>
  </datafield>
  <datafield tag="245" ind1=" " ind2=" ">
    <subfield code="a">God of Small Things</subfield>
  </datafield>
  <datafield tag="260" ind1=" " ind2=" ">
    <subfield code="b">Penguin Books</subfield>
    <subfield code="c">1997</subfield>
    <subfield code="a">New York</subfield>
  </datafield>
  <datafield tag="300" ind1=" " ind2=" ">
    <subfield code="a">339pp,</subfield>
  </datafield>
  <datafield tag="520" ind1=" " ind2=" ">
    <subfield code="a">Booker Prize winner ?God of Small Things? is a story about two children, Esthappen and Rahel. This was Arundhati Roy's debut novel, in which she throws light on certain facets of life in Kerala, highlighting issues of caste system, Keralite Syrian Christian lifestyle and communism. Esthappen and Rahel at a very young age come to learn about horrifying truth of life, as they are being tortured and blamed for every misfortune. Their less than perfect life gets infected by unexpected events. through the novel begins with Esthappen and Rahel, most of its part holds wider stories of the political events shaping the state, their parents and relatives. The darker undertones in the life of twins get more evident, as secrets, bitterness and lies destroy their world. The heat-aching story of two innocent young children will surely keep you hooked till the end and leave you searching for more.</subfield>
  </datafield>
  <datafield tag="942" ind1=" " ind2=" ">
    <subfield code="c">BK</subfield>
    <subfield code="2">ddc</subfield>
  </datafield>
  <datafield tag="999" ind1=" " ind2=" ">
    <subfield code="c">369178</subfield>
    <subfield code="d">369178</subfield>
  </datafield>
  <datafield tag="952" ind1=" " ind2=" ">
    <subfield code="0">0</subfield>
    <subfield code="1">0</subfield>
    <subfield code="2">ddc</subfield>
    <subfield code="4">0</subfield>
    <subfield code="7">0</subfield>
    <subfield code="8">BCA Pune</subfield>
    <subfield code="a">001</subfield>
    <subfield code="b">001</subfield>
    <subfield code="d">2025-11-27</subfield>
    <subfield code="e">8</subfield>
    <subfield code="g">337.50</subfield>
    <subfield code="l">1</subfield>
    <subfield code="p">KBJP-BK-2849</subfield>
    <subfield code="r">2025-12-08 11:24:59</subfield>
    <subfield code="s">2025-12-01</subfield>
    <subfield code="v">450.00</subfield>
    <subfield code="w">2025-11-27</subfield>
    <subfield code="y">BK</subfield>
    <subfield code="z">2849</subfield>
  </datafield>
</record>
